000
00307nam a2200121Ia 4500
008
190216s9999||||xx |||||||||||||| ||und||
100
_a
Simeon Potter
245
0
_a
Langauge In The Modern World
260
_b
Andre Deutsch
_c
1975
300
_a
199an introduction to
650
_a
English Story
942
_c
BK
999
_c
13166
_d
13166